| 000 | 01256cam a22003497a 4500 | ||
|---|---|---|---|
| 003 | CHAP | ||
| 005 | 20220329141939.0 | ||
| 008 | 980907d1998 mx ab r 00110 spa d | ||
| 010 | _a76116 | ||
| 011 | _a77088 | ||
| 035 | _a86687 | ||
| 040 | _cCHAP | ||
| 090 | _aTesis | ||
| 100 | 0 | 0 |
_aRodríguez Orozco, Arlet. _998754 |
| 245 | 1 | 0 |
_aAportaciones al conocimiento etnobotánico del tenchonquelite (Manihot foetida [H.B.K.] Pohl.) _c/por Arlet Rodríguez Orozco |
| 260 |
_aChapingo, Méx. : _bEl autor, _c1998. |
||
| 300 |
_a123 h. : _bilus. ; gráfs. ; mapas ; cuadros |
||
| 502 | _aTesis (Ing. Agr. Esp en Fitotecnia) -- UACH. Departamento de Fitotecnia | ||
| 590 |
_aALEPH _b10 _c20130110 _lUCH01 _h1425 |
||
| 590 |
_aBATCH-UPD _b10 _c20130110 _lUCH01 _h0755 |
||
| 590 |
_aBATCH-UPD _b10 _c20130410 _lUCH01 _h0435 |
||
| 590 |
_aBATCH-UPD _b10 _c20130914 _lUCH01 _h1330 |
||
| 590 |
_aCONVERSION _b10 _c20130109 _lUCH01 _h1342 |
||
| 650 | 1 | 4 |
_aEtnobotánica. _938611 |
| 650 | 1 | 4 |
_aManihot foetida. _970477 |
| 901 | _aBK | ||
| 905 | _aMayto Villalobos S. | ||
| 942 | _cFOLL | ||
| 949 |
_bBC _cTES _d33724000587929 _eTS2 _fc.2 _h32626 _i86687 _sb |
||
| 949 |
_bBC _cTES _d33724000587937 _eTS2 _fc.3 _h32627 _i86687 _si |
||
| 949 |
_bBC _cTES _d86687 _eTS1 _h32625 _i86687 _sb |
||
| 999 |
_c76116 _d76116 |
||